Sermons on books of the Bible. (Record no. 3312)

000 -LEADER
fixed length control field 00551nam a2200181 a 4500
001 - CONTROL NUMBER
control field :::00001042$&:&@@
003 - CONTROL NUMBER IDENTIFIER
control field OkBaRHE
005 - DATE AND TIME OF LATEST TRANSACTION
control field 20000607103241.0
008 - FIXED-LENGTH DATA ELEMENTS--GENERAL INFORMATION
fixed length control field s1925 j 000 0 eng u
040 ## - CATALOGING SOURCE
Transcribing agency
100 1# - MAIN ENTRY--PERSONAL NAME
Personal name Hamilton, William Wistar, 1869- ,
245 10 - TITLE STATEMENT
Title Sermons on books of the Bible.
260 ## - PUBLICATION, DISTRIBUTION, ETC. (IMPRINT)
Place of publication, distribution, etc New York, NY., :
Name of publisher, distributor, etc George H. Doran Co.
Date of publication, distribution, etc c1925
300 ## - PHYSICAL DESCRIPTION
Extent 237 p. ;
Dimensions 19 cm.
650 ## - SUBJECT ADDED ENTRY--TOPICAL TERM
Topical term or geographic name as entry element Bible
General subdivision Sermons
942 ## - ADDED ENTRY ELEMENTS (KOHA)
Source of classification or shelving scheme
Koha item type Books
Copies
Lost status Barcode Date last seen Price effective from Date acquired Full call number Source of classification or shelving scheme Koha item type Permanent Location Withdrawn status Copy number Not for loan Damaged status Shelving location
 10422010-04-142010-04-142010-04-14BS 511 .H34 BooksRHEMA Bible Training College 1  General Stacks